| 000 | 00516cam a2200217ua 4500 | ||
|---|---|---|---|
| 001 | 8073 | ||
| 005 | 20260515114306.0 | ||
| 008 | 150108n ii |||gr||||Z||||||hin | ||
| 020 | _a812670098X | ||
| 040 | _cMAIN | ||
| 041 | _ahin | ||
| 082 | _a891.433 | ||
| 100 |
_aNath, P., _eAuthor. |
||
| 245 | 1 |
_aMaila aanchal _cBy Phanishwar Nath |
|
| 250 | _a8th rev. | ||
| 260 |
_aDelhi: _bNabin, _c2000. |
||
| 300 | _a312p. | ||
| 653 | _aEast Indo-European & Celtic literatures | ||
| 653 | _aHindi novels | ||
| 942 | _cBK | ||
| 999 |
_c7184 _d7184 |
||